000 00597nam a22001817a 4500
008 150611b xxu||||| |||| 00| 0 eng d
020 _a9781884158070
041 0 _aeng
080 _a368.43
100 1 _aCarlson, Hannah.
245 1 0 _aI have a friend who is blind /
_cHannah Carlson, Dale Carlson ; illustrated by Hope M. Douglas.
260 _aMadison, CT :
_bChaney Shannon Press,
_cc1995.
300 _a57 p. :
_bme il. ;
_c21 cm.
490 1 _aBasic manuals for friends of the disabled ; v. 2
650 0 _aManual per njerëz të paafte
700 1 _aCarlson, Dale Bick.
942 _2udc
_cBK
999 _c1034
_d1034